| 000 | 00931pam a2200289 a 4500 | ||
|---|---|---|---|
| 001 | 4000986 | ||
| 003 | NUST | ||
| 005 | 20220121112309.0 | ||
| 008 | 961219s1997 njua b 001 0 eng | ||
| 010 | _a 96053660 | ||
| 020 | _a9789332559585 | ||
| 038 | _aKhadija | ||
| 040 |
_aDLC _cDLC _dDLC |
||
| 050 | 0 | 0 |
_aTJ213 _b.L434 1997 |
| 082 | 0 | 0 |
_a629.8 _221 _bLEW |
| 100 | 1 |
_aLewis, Paul H., _d1934- _934487 |
|
| 245 | 1 | 0 |
_aBasic Control Systems Engineering / _cPaul H. Lewis, Chang Yang. |
| 260 |
_aIndia : _bPearson, _c2016. |
||
| 300 |
_axi, 450 p. : _bill. ; _c25 cm. |
||
| 504 | _aIncludes bibliographical references and index. | ||
| 563 | _aPB | ||
| 650 | 0 |
_aAutomatic control. _926207 |
|
| 700 | 1 |
_aYang, Chʻang. _988559 |
|
| 906 |
_a7 _bcbc _corignew _d1 _eocip _f19 _gy-gencatlg |
||
| 942 |
_2ddc _cBK |
||
| 999 |
_c540453 _d540453 |
||